| 000 | 00529nam a2200193 i 4500 | ||
|---|---|---|---|
| 001 | 48694 | ||
| 005 | 20230410105346.0 | ||
| 008 | 071024b1973 us a 000 0 eng | ||
| 010 | _a7290095 | ||
| 040 |
_aDRFGD _bspa |
||
| 041 | 0 | _aeng | |
| 050 | 1 | 4 |
_aHB 171.5 _bE19 1973 |
| 245 | 0 | 0 |
_aEconomics '73-'74 : _btext / _cDouglas H. Blair ...[et al.] |
| 260 |
_aGuilford, Connecticut : _bDushkin Publishing Group, _c1973 |
||
| 300 |
_axxxi, 621 p. : _bil. |
||
| 650 | 0 | _aEconomics. | |
| 700 | 1 | _aBlair, Douglas H. | |
| 942 |
_2lcc _cbk |
||
| 999 |
_c35075 _d35075 |
||